[Event "FIDE World Bl Team Pool B"]
[Site "London ENG"]
[Date "2025.06.14"]
[Round "13.1"]
[White "Ghasi, Ameet K"]
[Black "Turner, Matthew J"]
[Result "1/2-1/2"]
[WhiteTitle "GM"]
[BlackTitle "GM"]
[WhiteElo "2513"]
[BlackElo "2441"]
[WhiteTeam "Sharks 4NCL"]
[BlackTeam "Sassy Seniors"]
[WhiteFideId "409200"]
[BlackFideId "402893"]
[EventDate "2025.06.14"]
[EventType "team"]

1. Nf3 Nf6 2. g3 d5 3. Bg2 c6 4. O-O Bg4 5. d3 Nbd7 6. c4 dxc4 7. dxc4 Bxf3 8.
exf3 e6 9. Nc3 Bb4 10. Qb3 Qa5 11. Bd2 Nc5 12. Qc2 O-O 13. a3 Bxc3 14. Bxc3 Qa4
15. Qe2 Rfd8 16. Rad1 Qb3 17. f4 Na4 18. Be5 Nb6 19. Rc1 Qd3 20. Rfe1 Qxe2 21.
Rxe2 Rd3 22. Rec2 Rad8 23. Bf1 Rd1 24. Kg2 Rxc1 25. Rxc1 Na4 26. b4 Nb6 27. a4
Rd2 28. a5 Nc8 29. Bc3 Rd8 30. Kf3 Kf8 31. g4 h6 32. h4 h5 33. g5 Ng4 34. Be2 g6
35. b5 Nd6 36. Bb4 Ke8 37. a6 cxb5 38. Bxd6 Rxd6 39. axb7 Rb6 40. cxb5 Rxb7 41.
Kg3 e5 42. Rc4 exf4+ 43. Rxf4 Ne5 44. Re4 Re7 45. Kf4 Nd7 46. Rxe7+ Kxe7 47. Bc4
Nb6 48. Bb3 Nc8 49. Bc4 Nb6 50. Bb3 Nc8 51. Bc2 Kd6 52. Bb3 Ke7 53. Ke4 1/2-1/2

[Event "FIDE World Bl Team Pool B"]
[Site "London ENG"]
[Date "2025.06.14"]
[Round "13.2"]
[White "Dishman, Stephen"]
[Black "Rendle, Thomas E"]
[Result "0-1"]
[WhiteTitle "FM"]
[BlackTitle "IM"]
[WhiteElo "2274"]
[BlackElo "2370"]
[WhiteTeam "Sassy Seniors"]
[BlackTeam "Sharks 4NCL"]
[WhiteFideId "403024"]
[BlackFideId "408760"]
[EventDate "2025.06.14"]
[EventType "team"]

1. d4 d5 2. Nf3 Nf6 3. c3 Bf5 4. Qb3 Qc8 5. c4 c6 6. Nc3 e6 7. cxd5 exd5 8. Bf4
Nbd7 9. Rc1 Be7 10. e3 O-O 11. h3 h6 12. Be2 Re8 13. g4 Be4 14. Rg1 Nf8 15. Ne5
Ne6 16. Bg3 Bh7 17. h4 Ne4 18. Nxe4 Bxe4 19. f3 Bh7 20. Kf2 a5 21. Bd3 Bxd3 22.
Qxd3 Qd8 23. Qb3 Bxh4 24. Qxb7 Bxg3+ 25. Kxg3 Qf6 26. Qxc6 Rad8 27. f4 Qe7 28.
a3 Qa7 29. Qa4 Qb6 30. Rc2 Qb7 31. Rgc1 Qb6 32. b4 axb4 33. Qxb4 Qa6 34. Rc6 Qe2
35. Qc3 Qa2 36. Rc2 Qb1 37. Rc1 Qa2 38. Rc2 Qb1 39. Rc1 Qb5 40. Qb4 Qe2 41. Qe1
Qb5 42. R1c3 Rb8 43. Qc1 Qe2 44. Rd6 Rb2 0-1

[Event "FIDE World Bl Team Pool B"]
[Site "London ENG"]
[Date "2025.06.14"]
[Round "13.3"]
[White "Roberson, Peter T"]
[Black "Vujatovic, Rajko"]
[Result "1-0"]
[WhiteTitle "IM"]
[WhiteElo "2433"]
[BlackElo "2222"]
[WhiteTeam "Sharks 4NCL"]
[BlackTeam "Sassy Seniors"]
[WhiteFideId "412384"]
[BlackFideId "403393"]
[EventDate "2025.06.14"]
[EventType "team"]

1. Nc3 d5 2. d4 Nf6 3. Bf4 a6 4. e3 e6 5. g4 c5 6. g5 Nfd7 7. h4 Nc6 8. Nf3 b5
9. Bg2 Qb6 10. Qd2 Bb7 11. a3 Be7 12. h5 f5 13. gxf6 gxf6 14. Bh3 Na5 15. Qe2
O-O-O 16. dxc5 Qxc5 17. Bxe6 Nc4 18. b4 Qb6 19. Nd4 Bd6 20. Bxd6 Qxd6 21. Qg4
Kb8 22. Bxd7 Rxd7 23. Nce2 Ne5 24. Qf4 Rg8 25. O-O-O Rc8 26. Nb3 Rdc7 27. Ned4
Rc4 1-0

[Event "FIDE World Bl Team Pool B"]
[Site "London ENG"]
[Date "2025.06.14"]
[Round "13.4"]
[White "Lishoy Gengis Paratazham, Dildarav"]
[Black "Purton, Ben J"]
[Result "1/2-1/2"]
[BlackTitle "FM"]
[WhiteElo "2084"]
[BlackElo "2173"]
[WhiteTeam "Sassy Seniors"]
[BlackTeam "Sharks 4NCL"]
[WhiteFideId "491462"]
[BlackFideId "411132"]
[EventDate "2025.06.14"]
[EventType "team"]

1. e4 d6 2. d4 Nf6 3. Nc3 c6 4. g3 g6 5. Bg2 Bg7 6. Nge2 Qc7 7. O-O e5 8. h3 O-O
9. Be3 Nbd7 10. Qd2 b5 11. a3 a6 12. Rad1 c5 13. dxe5 Nxe5 14. b3 b4 15. axb4
cxb4 16. Na4 Bd7 17. Nb6 Rab8 18. Nxd7 Nexd7 19. Qxd6 Qxc2 20. Nd4 Qc5 21. Qxc5
Nxc5 22. Nc6 Rb5 23. Na7 Ra5 24. Nc6 Rb5 25. Na7 Ra5 26. Nc6 Rb5 1/2-1/2

[Event "FIDE World Bl Team Pool B"]
[Site "London ENG"]
[Date "2025.06.14"]
[Round "13.5"]
[White "Hryshchenko, Kamila"]
[Black "Dishman, Matthew"]
[Result "1/2-1/2"]
[WhiteTitle "WFM"]
[WhiteElo "2097"]
[BlackElo "1978"]
[WhiteTeam "Sharks 4NCL"]
[BlackTeam "Sassy Seniors"]
[WhiteFideId "14147491"]
[BlackFideId "438642"]
[EventDate "2025.06.14"]
[EventType "team"]

1. e4 e5 2. Nc3 Nf6 3. f4 d5 4. fxe5 Nxe4 5. Qf3 Nxc3 6. bxc3 Be7 7. Qh5 g6 8.
Qf3 Be6 9. d4 c5 10. Ne2 Nc6 11. Be3 h5 12. Nf4 Qd7 13. Bb5 O-O-O 14. Nxe6 fxe6
15. O-O Rdf8 16. Qe2 c4 17. Rfb1 g5 18. a4 g4 19. a5 a6 20. Bxc6 Qxc6 21. Rb6
Qd7 22. Rab1 Bd8 23. Rxb7 Qxb7 24. Rxb7 Kxb7 25. Qd1 Bxa5 26. Qa1 Bb6 27. Qa3
Rf7 28. Qd6 Re8 29. h3 gxh3 30. gxh3 Rg8+ 31. Kh1 Rg6 32. Kh2 Rfg7 33. Qf8 a5
34. Qf3 h4 35. Qd1 Rg2+ 36. Kh1 Ka6 37. Bf4 R2g6 38. Qa1 Rg2 39. Qa2 Rf2 40. Be3
Re2 41. Bf4 Rgg2 42. Qa4 Rxc2 43. Qd7 Rge2 44. Qc8+ Kb5 45. Qd7+ Ka6 46. Qc8+
Ka7 47. Qd7+ Ka6 48. Qc8+ Ka7 49. Qd7+ Kb8 50. Qe8+ Kb7 51. Qd7+ Bc7 52. Qb5+
Bb6 53. Qd7+ Bc7 54. Qb5+ Kc8 55. Qe8+ Kb7 56. Qb5+ Bb6 1/2-1/2

[Event "FIDE World Bl Team Pool B"]
[Site "London ENG"]
[Date "2025.06.14"]
[Round "13.6"]
[White "Regan, Natasha K"]
[Black "Morea, Georgiana-Steluta"]
[Result "1-0"]
[WhiteTitle "WIM"]
[WhiteElo "2064"]
[BlackElo "1920"]
[WhiteTeam "Sassy Seniors"]
[BlackTeam "Sharks 4NCL"]
[WhiteFideId "403067"]
[BlackFideId "1204319"]
[EventDate "2025.06.14"]
[EventType "team"]

1. Nf3 d5 2. c4 c6 3. g3 Nf6 4. b3 d4 5. Bg2 g6 6. e3 dxe3 7. fxe3 Bg7 8. Bb2
O-O 9. O-O c5 10. d4 cxd4 11. exd4 Nc6 12. d5 Nb4 13. a3 Na6 14. b4 Bg4 15. h3
Bf5 16. Nd4 Bd7 17. Nc3 Qc8 18. Qe2 Bxh3 19. Rf4 Nh5 20. Rh4 Bxg2 21. Qxg2 Bf6
22. Re4 Ng7 23. Rae1 Re8 24. Nf3 Qf5 25. c5 Bxc3 26. Bxc3 Qxd5 27. Rxe7 Rxe7 28.
Rxe7 Nf5 29. Re1 Qd3 30. Bf6 Nc7 31. Ne5 Qd4+ 32. Kh2 Qd5 33. Qe2 Ne6 34. Ng4
Qc6 35. Ne5 Qd5 36. Ng4 Qc6 1-0

[Event "FIDE World Bl Team Pool B"]
[Site "London ENG"]
[Date "2025.06.14"]
[Round "13.1"]
[White "Murawski, Jan"]
[Black "Rakotomaharo, Fy Antenaina"]
[Result "1-0"]
[WhiteTitle "CM"]
[BlackTitle "IM"]
[WhiteElo "2164"]
[BlackElo "2441"]
[WhiteTeam "UK Chess Challenge Masters"]
[BlackTeam "Mother Continent"]
[WhiteFideId "21009287"]
[BlackFideId "13100050"]
[EventDate "2025.06.14"]
[EventType "team"]

1. d4 d5 2. c4 e6 3. Nc3 Bb4 4. cxd5 exd5 5. Nf3 Nf6 6. Qa4+ Nc6 7. Ne5 Bd7 8.
Nxc6 Bxc3+ 9. bxc3 Bxc6 10. Qa3 Qd7 11. Bf4 Ne4 12. e3 g5 13. Be5 f6 14. Bg3 h5
15. f3 Nxg3 16. hxg3 Kf7 17. c4 Rae8 18. Kf2 a6 19. Rc1 Kg7 20. Qc5 b6 21. Qa3
a5 22. c5 h4 23. gxh4 gxh4 24. cxb6 cxb6 25. Bd3 Rc8 26. Qb2 Qc7 27. Rh3 Qb8 28.
Rch1 Rh6 29. Rxh4 Rch8 30. Rxh6 Rxh6 31. Rxh6 Kxh6 32. Qa3 Qd8 33. Qc1 Kg7 34.
Qxc6 1-0

[Event "FIDE World Bl Team Pool B"]
[Site "London ENG"]
[Date "2025.06.14"]
[Round "13.2"]
[White "Mhango, Banele"]
[Black "Sefton, Adam"]
[Result "1-0"]
[WhiteTitle "FM"]
[WhiteElo "2236"]
[BlackElo "2047"]
[WhiteTeam "Mother Continent"]
[BlackTeam "UK Chess Challenge Masters"]
[WhiteFideId "14327040"]
[BlackFideId "343400965"]
[EventDate "2025.06.14"]
[EventType "team"]

1. d4 Nf6 2. Nc3 e6 3. e4 d5 4. exd5 exd5 5. Bg5 c6 6. Qd2 Be7 7. Bd3 Nbd7 8.
Nge2 Ne4 9. Bxe7 Qxe7 10. Bxe4 dxe4 11. d5 Nf6 12. dxc6 bxc6 13. O-O-O O-O 14.
Ng3 Be6 15. Qd6 Qb7 16. Ngxe4 Nxe4 17. Nxe4 Bd5 18. Nc3 Rfd8 19. Qc5 Rab8 20. b3
Bxg2 21. Rxd8+ Rxd8 22. Qg5 Qd7 23. Qxg2 1-0

[Event "FIDE World Bl Team Pool B"]
[Site "London ENG"]
[Date "2025.06.14"]
[Round "13.3"]
[White "Yu, Rock"]
[Black "George Samir, David"]
[Result "1-0"]
[BlackTitle "FM"]
[WhiteElo "2057"]
[BlackElo "2356"]
[WhiteTeam "UK Chess Challenge Masters"]
[BlackTeam "Mother Continent"]
[WhiteFideId "489000"]
[BlackFideId "10657789"]
[EventDate "2025.06.14"]
[EventType "team"]

1. c4 e5 2. Nc3 Nf6 3. Nf3 Nc6 4. g3 d5 5. cxd5 Nxd5 6. Bg2 Be6 7. O-O Nb6 8. d3
f6 9. a3 Qd7 10. b4 O-O-O 11. Be3 h5 12. Rc1 Kb8 13. Ne4 Be7 14. Nc5 Bxc5 15.
Bxc5 g5 16. a4 h4 17. b5 Ne7 18. Qc2 hxg3 19. fxg3 Ng6 20. Nd2 Bh3 21. Bxb6 cxb6
22. Ne4 Bxg2 23. Kxg2 f5 24. Nxg5 f4 25. Nf3 Qg4 26. Qc4 Qh3+ 27. Kf2 Rhf8 28.
Qe4 Qh5 29. g4 Qh6 30. h4 Rfe8 31. h5 Nh8 32. Rc4 Nf7 33. Rfc1 Re7 34. Qf5 Nd6
35. Qg6 Qxg6 36. hxg6 Nxc4 37. Rxc4 Rd6 38. Nh4 Red7 39. g7 Rxg7 40. Nf5 Rdg6
41. Nxg7 Rxg7 42. Kf3 Rg5 43. Re4 Kc7 44. d4 exd4 45. Rxd4 a6 46. bxa6 bxa6 47.
Kxf4 Rg7 48. g5 Kc6 49. Kf5 Kc5 50. Re4 Rf7+ 51. Kg6 Rf2 52. Kh7 Rh2+ 53. Kg7
Kd5 54. Rb4 Kc5 55. Rg4 Rxe2 56. g6 b5 57. axb5 axb5 58. Kf7 Rf2+ 59. Ke7 Re2+
60. Kd7 Rd2+ 61. Kc7 Ra2 62. Kb7 Re2 63. Rg5+ Kc4 64. Kc6 b4 65. g7 Re6+ 66. Kd7
Ra6 67. g8=Q+ Kc3 68. Qg7+ Kb3 69. Rg3+ Ka4 70. Qa1+ Kb5 71. Rg5+ Kb6 72. Rg6+
Kc5 73. Qxa6 b3 74. Qc6+ Kd4 75. Rg4+ Kd3 76. Qe4+ Kc3 77. Rg3+ Kb2 78. Qe2+ Ka3
79. Qd3 Ka4 80. Qxb3+ Ka5 81. Rg5+ 1-0

[Event "FIDE World Bl Team Pool B"]
[Site "London ENG"]
[Date "2025.06.14"]
[Round "13.4"]
[White "Wanyama, Harold"]
[Black "Longson, Sarah N"]
[Result "1-0"]
[WhiteTitle "FM"]
[BlackTitle "WFM"]
[WhiteElo "2143"]
[BlackElo "1941"]
[WhiteTeam "Mother Continent"]
[BlackTeam "UK Chess Challenge Masters"]
[WhiteFideId "10000380"]
[BlackFideId "2501465"]
[EventDate "2025.06.14"]
[EventType "team"]

1. d4 d5 2. c4 c6 3. g3 Nf6 4. Bg2 Bf5 5. Nd2 e6 6. Ngf3 h6 7. O-O Bd6 8. b3 O-O
9. Bb2 Nbd7 10. Ne5 Qc7 11. f4 Bb4 12. Rc1 Qa5 13. Nxd7 Nxd7 14. e4 Bxd2 15.
exf5 Bxc1 16. Qxc1 dxc4 17. fxe6 fxe6 18. Qxc4 Rae8 19. Bh3 Qxa2 20. Bc3 Kh8 21.
Ra1 Qc2 22. d5 Qg6 23. dxe6 Nb6 24. Qd4 Nd5 25. Bd2 Rd8 26. Qe5 Ne7 27. Bb4 Rd5
28. Qe3 Rfd8 29. Bxe7 Rd1+ 30. Rxd1 Rxd1+ 31. Bf1 Qb1 32. Qe2 Qa1 33. Bc5 Rc1
34. e7 Qa5 35. e8=Q+ Kh7 36. b4 1-0

[Event "FIDE World Bl Team Pool B"]
[Site "London ENG"]
[Date "2025.06.14"]
[Round "13.5"]
[White "Vaidyanathan, Adithya"]
[Black "QUICKPEN, Deborah Ebimobo-ere"]
[Result "1-0"]
[BlackTitle "WCM"]
[WhiteElo "2111"]
[BlackElo "2081"]
[WhiteTeam "UK Chess Challenge Masters"]
[BlackTeam "Mother Continent"]
[WhiteFideId "495450"]
[BlackFideId "8511616"]
[EventDate "2025.06.14"]
[EventType "team"]

1. d4 Nf6 2. c4 e6 3. Nf3 d5 4. Nc3 c6 5. Bg5 Bd6 6. e3 O-O 7. cxd5 exd5 8. Bd3
Nbd7 9. Qc2 h6 10. Bh4 Qc7 11. O-O Re8 12. Rfb1 g5 13. Bg3 Bxg3 14. hxg3 Nf8 15.
b4 Qd6 16. b5 c5 17. dxc5 Qxc5 18. Rd1 Bg4 19. Nxd5 Qxc2 20. Nxf6+ Kh8 21. Bxc2
Bxf3 22. gxf3 Re6 23. Nd7 Ng6 24. Nc5 Re5 25. Nxb7 Rxb5 26. Nd6 Rc5 27. Nxf7+
Kg7 28. Bxg6 Kxg6 29. Nd6 Rf8 30. f4 gxf4 31. exf4 h5 32. Rac1 Ra5 33. Rc2 h4
34. f5+ Kg5 35. Kg2 hxg3 36. fxg3 Kf6 37. Ne4+ Kg7 38. f6+ Kg6 39. g4 Re5 40.
Kf3 Rfe8 41. Rd4 Ra5 42. Rc7 Ra3+ 43. Kf4 Rg8 44. f7 Rf8 45. Rd6+ Kg7 46. Ng5
Ra4+ 47. Kg3 Ra3+ 48. Kh4 Rh8+ 49. Nh7 Rxh7+ 50. Kg5 Ra5+ 51. Kf4 Rh2 52. f8=Q+ 1-0

[Event "FIDE World Bl Team Pool B"]
[Site "London ENG"]
[Date "2025.06.14"]
[Round "13.6"]
[White "Amoako Philip Selikem Yao"]
[Black "Veselow, Zoe"]
[Result "1-0"]
[WhiteElo "1948"]
[BlackElo "1761"]
[WhiteTeam "Mother Continent"]
[BlackTeam "UK Chess Challenge Masters"]
[WhiteFideId "12602256"]
[BlackFideId "497657"]
[EventDate "2025.06.14"]
[EventType "team"]

1. e4 c5 2. Nc3 e6 3. g3 a6 4. Bg2 Nc6 5. d3 Nf6 6. h3 d6 7. Be3 Be7 8. Nge2 O-O
9. f4 Bd7 10. Qd2 Rc8 11. O-O b5 12. g4 d5 13. exd5 Nxd5 14. Nxd5 exd5 15. Bxd5
Bxg4 16. Bxf7+ Rxf7 17. hxg4 Qd7 18. f5 g6 19. Ng3 Bd6 20. Bf4 Bxf4 21. Qxf4 Re8
22. Rae1 Rxe1 23. Rxe1 Qd4+ 24. Qxd4 Nxd4 25. Re8+ Kg7 26. c3 Nc6 27. Re6 Rc7
28. Ne4 gxf5 29. gxf5 c4 30. dxc4 bxc4 31. Nd6 Kg8 32. Ne8 Rc8 33. Nf6+ Kg7 34.
Nd5 Kf7 35. Nb6 Rg8+ 36. Kf2 Nd8 37. Rd6 Ke7 38. Rd7+ Kf6 39. Rxh7 Kxf5 40. Nxc4
Ne6 41. Ne3+ Kg6 42. Rh4 Rf8+ 43. Ke2 Kg5 44. Rg4+ Kf6 45. Rg3 Ke7 46. Rf3 Nf4+
47. Kd2 Rd8+ 48. Kc2 Ne6 49. Nf5+ Ke8 50. Rh3 Kf7 51. Ne3 Kg6 52. b3 Kg5 53. Nc4
Nf4 54. Rh7 Re8 55. Ra7 Re2+ 56. Nd2 Nd5 57. Rxa6 Kf4 58. Ra4+ Ke3 59. Re4+ 1-0